000 00459nam a22001697a 4500
005 20180719131121.0
008 160526b xxu||||| |||| 00| 0 eng d
020 _a1-86250-477-6
041 _aeng
082 _b5313
_a658.1552
100 _aMarrison, Paul & others
_91326
245 _aCost Management:for profitable food and beverage operations
260 _aNew Delhi
_bAcademic Faundation
300 _a245p,
650 _aManagement
_9241
942 _cBK
999 _c1865
_d1864